Shelf-life pediatrics /

Bibliographic Details
Corporate Author: LWW Health Library
Other Authors: Patel, Sonali Mehta (Editor), Nelson, Kent (Editor), Jennings, Stephanie R. (Editor)
Format: eBook
Language:English
Published: Philadelphia : Wolters Kluwer Health, [2015]
Series:Shelf-life series
Subjects:
Online Access:Connect to the full text of this electronic book.

MARC

Tag First Indicator Second Indicator Subfields
LEADER 00000cam a2200000Ii 4500
001 in00004524513
005 20190418084350.0
006 m d
007 cr cn ||||||||
008 151218t20152015paua o 000 0 eng d
020 |z 9781451189575 (print) 
035 |a (OCoLC)ocn932728850 
035 |a (OCoLC)932728850 
040 |a FFQ  |b eng  |e rda  |c FFQ  |d TMV  |d UtOrBLW 
049 |a TMVM 
060 4 |a WS 18.2  |b S544 2015eb 
245 0 0 |a Shelf-life pediatrics /  |c editors, Sonali Mehta Patel, Kent Nelson, Stephanie R. Jennings. 
246 3 0 |a Pediatrics 
264 1 |a Philadelphia :  |b Wolters Kluwer Health,  |c [2015] 
264 4 |c ©2015 
300 |a 1 online resource :  |b illustrations. 
336 |a text  |b txt  |2 rdacontent 
337 |a computer  |b c  |2 rdamedia 
338 |a online resource  |b cr  |2 rdacarrier 
490 0 |a Shelf-life series 
500 |a Electronic resource. 
500 |a Description based on opening page (viewed Feb 04, 2016). 
506 |a This title is restricted to authorized TAMU users. 
650 0 |a Pediatrics  |v Examinations, questions, etc.  |0 http://id.loc.gov/authorities/subjects/sh2008109019 
650 2 |a Pediatrics.  |0 https://id.nlm.nih.gov/mesh/D010372 
655 2 |a Problems and Exercises.  |0 https://id.nlm.nih.gov/mesh/D020497 
655 7 |a Ebooks.  |2 local 
655 7 |a Electronic books.  |2 local 
700 1 |a Patel, Sonali Mehta,  |e editor.  |0 http://id.loc.gov/authorities/names/n2013188091 
700 1 |a Nelson, Kent,  |e editor.  |0 http://id.loc.gov/authorities/names/n2013188089 
700 1 |a Jennings, Stephanie R.,  |e editor.  |0 http://id.loc.gov/authorities/names/n2013188092 
710 2 |a LWW Health Library.  |t Clerkship collection. 
856 4 0 |u http://proxy.library.tamu.edu/login?url=https://clerkship.lwwhealthlibrary.com/book.aspx?bookid=1267&rotationId=0  |z Connect to the full text of this electronic book.  |t 0 
999 |a MARS 
999 f f |s 060b6947-b804-35a7-8fdd-1668121b4d66  |i a9f9e2d8-13ff-3fa6-b7c8-9372aab84d76  |t 0 
952 f f |a Texas A&M University  |b College Station  |c Electronic Resources  |d Available Online  |t 0  |e WS 18.2 S544 2015eb  |h National Library of Medicine classification 
998 f f |a WS 18.2 S544 2015eb  |t 0  |l Available Online